Síntesis de la información bibliográfica secundaria (textos técnicos y serie de datos), como insumo al diagnóstico biofísico-socioeconómico-histórico-cultural, del santuario de fauna y flora de Iguaque y de la cuenca del río Iguaque-Cane (Registro nro. 4136)

Detalles MARC
000 -CABECERA
Campo de control 01980nam a2200325 a 4500
005 - FECHA Y HORA DE LA ULTIMA TRANSACCION
Campo de control 20200104041547.0
008 - ELEMENTOS DE LONGITUD FIJA—INFORMACION GENERAL
Campo de control 130808b2004 ck ||||| |||| 00| 0 spa d
041 ## - IDIOMA
Código de idioma para texto/pista de sonido o título separado Español
090 ## - CLASIFICACIÓN LOCAL
Colección IAVH
Consecutivo 00225
100 10 - ASIENTO PRINCIPAL--NOMBRE PERSONAL
Nombre personal Hernandez P., Sarah
245 1# - MENCION DE TITULO
Título Síntesis de la información bibliográfica secundaria (textos técnicos y serie de datos), como insumo al diagnóstico biofísico-socioeconómico-histórico-cultural, del santuario de fauna y flora de Iguaque y de la cuenca del río Iguaque-Cane
260 ## - PUBLICACION, DISTRIBUCION, ETC. (PIE DE IMPRENTA)
Lugar de publicación, distribución, etc. Villa de Leyva
Nombre del editor, distribuidor, etc. Instituto Alexander von Humboldt
Fecha de publicación, distribución, etc. 2004
300 ## - DESCRIPCION FISICA
Extensión 215 p.
500 ## - NOTA GENERAL
Nota general Bibliografías Flora y Fauna, Iguaque y cuencia del Rio Iguaque-Cne
520 ## - NOTA DE RESUMEN, ETC.
Nota de resumen Contiene información relacionda con el diseño y la implementación de incentivos para la conservación y uso sostenible de la diversidad biológica. Contiene un análisis macroeconómico de las políticas y su incidencia en materia de conservación y uso de la biodiversidad para identificar aquellas variables de mayor incidencia en el entorno institucional sobre el cual los actores toman decisiones. También incluye un análisis microeconómico del comportamiento de los actores sociales enfrentados a una elección frente a la utilización y manejo de los recursos asociados a la diversidad biológica. Posee una caracterización biofísica, biológica y socioeconómica del área de estudio y unas conclusiones sobre su diagnóstico
650 ## - ASIENTO SECUNDARIO DE MATERIA - TERMINO TEMATICO
Término temático o nombre geográfico como elemento de entrada Fauna amenazada
650 ## - ASIENTO SECUNDARIO DE MATERIA - TERMINO TEMATICO
Término temático o nombre geográfico como elemento de entrada Aves
650 ## - ASIENTO SECUNDARIO DE MATERIA - TERMINO TEMATICO
Término temático o nombre geográfico como elemento de entrada Fauna
Subdivisión de forma Bibliografías
Subdivisión geográfica Iguaque
650 ## - ASIENTO SECUNDARIO DE MATERIA - TERMINO TEMATICO
Término temático o nombre geográfico como elemento de entrada Flora
Subdivisión de forma Bibliografías
Subdivisión geográfica Iguaque
650 ## - ASIENTO SECUNDARIO DE MATERIA - TERMINO TEMATICO
Término temático o nombre geográfico como elemento de entrada Conservación de la biodiversidad
650 ## - ASIENTO SECUNDARIO DE MATERIA - TERMINO TEMATICO
Término temático o nombre geográfico como elemento de entrada Especies amenazadas
650 ## - ASIENTO SECUNDARIO DE MATERIA - TERMINO TEMATICO
Término temático o nombre geográfico como elemento de entrada Listas rojas UICN
650 ## - ASIENTO SECUNDARIO DE MATERIA - TERMINO TEMATICO
Término temático o nombre geográfico como elemento de entrada Extinción
650 ## - ASIENTO SECUNDARIO DE MATERIA - TERMINO TEMATICO
Término temático o nombre geográfico como elemento de entrada Avifauna
700 ## - ASIENTO SECUNDARIO - NOMBRE PERSONAL
Nombre personal Ruiz, Cesar A.
700 ## - ASIENTO SECUNDARIO - NOMBRE PERSONAL
Nombre personal Murtinho, Felipe
700 ## - ASIENTO SECUNDARIO - NOMBRE PERSONAL
Nombre personal Rodríguez, Jean Carlos
942 ## - ELEMENTOS ADICIONALES (KOHA)
Tipo de ítem Informe Técnico
Sistema de clasificación Local
945 ## - PROCESAMIENTO LOCAL
AAAA-MM-DD - Fecha de ingreso o modificacion 2004-08-31
Existencias
Withdrawn status Lost status Sistema de Clasificación Damaged status No para préstamo Colección Inventariado Ubicación Permanente Ubicación actual Fecha de adquisición Fuente de Valor Total Checkouts Número topográfico Inventario / Código de Barras Date last seen Ejemplar Price effective from Forma de adquisición Tipo de material
    Local     Humboldt Inventariado 2017 Bogotá Bogotá 31/08/2004 Hernandez, Sarah   IAVH-00225 016541 09/08/2024 Ej.2 04/12/2012   Informe Técnico
    Dewey Decimal Classification     Humboldt   Villa de Leyva Villa de Leyva 13/02/2006     IAVH-00225 016542 04/12/2012 Ej.1 04/12/2012   Informe Técnico